| 000 | 00925nam2a22002411 4500 | ||
|---|---|---|---|
| 001 | RU\NLR\A1SV\23681 | ||
| 005 | 20251203152403.2 | ||
| 035 | _a(NLR Aleph) 009708514 | ||
| 090 |
_a13478808 _c13478808 |
||
| 100 | _a20000619d1922 u y0rusy50 ca | ||
| 101 | 0 | _arus | |
| 200 | 1 |
_aКнуто-германская империя и социальная революция _fС предисл. Дж. Гильома _gПер. с фр. Вл. Забрежнева |
|
| 210 | _d1922 | ||
| 215 | _a265 с. | ||
| 461 | 1 |
_1001RU\NLR\A1SV\23679 _12000#$vТ.2 _99822123 _aБакунин, М.А. (1814-1876) _cПб. _d1920-1922 _e2-е изд. _fМ.А.Бакунин _nГолос труда _tИзбранные сочинения _vТ.2 |
|
| 702 | 1 |
_aГильом _bД. _gДж. |
|
| 702 | 1 |
_aЗабрежнев _bВ. _gВл. |
|
| 801 | 0 |
_aRU _bNLR _c20000619 |
|
| 852 |
_aNLR _j78-5/2177-2 |
||
| 942 | _cBOOK | ||
| 980 | _aA1SV | ||
| 980 | _aNB | ||